Countries With The Highest Fertility Rates - Statistics

General Stats
  • This quiz has been taken 28 times
  • The average score is 16 of 20
Answer Stats
# of children Answer % Correct
6.64 Niger
100%
4.52 Nigeria
100%
5.49 Democratic Republic of the Congo
96%
5.35 Mali
88%
4.27 Tanzania
88%
5.17 Uganda
88%
4.44 Cameroon
85%
5.24 Chad
85%
4.47 Sudan
85%
4.78 Guinea
81%
5.12 Somalia
81%
5.09 South Sudan
81%
5.7 Angola
77%
4.9 Burundi
69%
4.66 Mozambique
69%
4.42 Zambia
69%
4.13 Togo
65%
5.34 Benin
62%
4.62 Guinea-Bissau
62%
4.43 Afghanistan
58%
No matching quizzes found
Score Distribution
Percent of People with Each Score
Percentile by Number Answered
Your Score History
You have not taken this quiz